000 00817nam a2200229Ia 4500
003 GCL
005 20240530101832.0
008 140319s9999 xx 000 0 ara d
040 _aGCL /
_cGCL
082 0 4 _a362.0422
_bا ب
100 0 _aاسماعيل محمد دياب
245 1 0 _aبعض القوى والعوامل المؤثرة على التدين الاسلامى لدى الشباب الجامعى - دراسة ميدانية /
_cاسماعيل محمد دياب
260 _a[S.N] :
_bدار الفكر العربى ،
_c1983
300 _a87 ص
650 0 4 _aالمجتمع
650 0 4 _aالاسرة
650 0 4 _aالاجتماع
650 0 4 _aالشباب
650 0 4 _aالتربية الاسلامية
700 1 _aعبدالرحمن عبدالرحمن النقيب
942 _2ddc
_cBK
999 _c28059
_d28059